<?xml version="1.0" encoding="UTF-8"?>
<collection xmlns="http://www.loc.gov/MARC21/slim">
<record>
  <controlfield tag="001">118243</controlfield>
  <controlfield tag="005">20220912152521.0</controlfield>
  <datafield tag="037" ind1=" " ind2=" ">
    <subfield code="a">TESIS-2022-169</subfield>
  </datafield>
  <datafield tag="041" ind1=" " ind2=" ">
    <subfield code="a">spa</subfield>
  </datafield>
  <datafield tag="100" ind1="1" ind2=" ">
    <subfield code="a">Varela Aldás, José Luis</subfield>
  </datafield>
  <datafield tag="245" ind1="0" ind2="0">
    <subfield code="a">Contribuciones a la Rehabilitación Cognitiva de Pacientes con Enfermedades Neurodegenerativas por Medio de Realidad Virtual y Dispositivos de Bajo Coste</subfield>
  </datafield>
  <datafield tag="260" ind1=" " ind2=" ">
    <subfield code="a">Zaragoza</subfield>
    <subfield code="b">Universidad de Zaragoza, Prensas de la Universidad</subfield>
    <subfield code="c">2022</subfield>
  </datafield>
  <datafield tag="300" ind1=" " ind2=" ">
    <subfield code="a">180</subfield>
  </datafield>
  <datafield tag="490" ind1="0" ind2=" ">
    <subfield code="a">Tesis de la Universidad de Zaragoza</subfield>
    <subfield code="x">2254-7606</subfield>
    <subfield code="v">2022-106</subfield>
  </datafield>
  <datafield tag="500" ind1=" " ind2=" ">
    <subfield code="a">Presentado:  20 06 2022</subfield>
  </datafield>
  <datafield tag="502" ind1=" " ind2=" ">
    <subfield code="a">Tesis-Univ. Zaragoza,  , 2022</subfield>
    <subfield code="b">Zaragoza, Universidad de Zaragoza</subfield>
    <subfield code="c">2022</subfield>
  </datafield>
  <datafield tag="520" ind1=" " ind2=" ">
    <subfield code="a">La realidad virtual es una tecnología que ha estado en constante desarrollo en las últimas décadas, aportando soluciones para complementar a la medicina tradicional. En particular, la salud cognitiva se ha visto beneficiada con entornos virtuales orientados a la evaluación y rehabilitación del paciente. No obstante, son limitadas las investigaciones realizadas para determinar su validez ecológica. En esta tesis doctoral se evalúan aplicaciones de realidad virtual diseñadas para cribado y rehabilitación cognitiva, incluyendo las aplicaciones orientadas a la tele rehabilitación. Con este objetivo se ha diseñado tareas basadas en dispositivos de bajo coste para sistemas inmersivos y no inmersivos, respectivamente. Bajo esta perspectiva se ha creado un marco de desarrollo para aplicaciones de realidad virtual con diferentes niveles de dificultad, que integran la recolección automatizada de resultados y el intercambio de información con servidores remotos mediante el enfoque de computación en la niebla. Las diferentes tareas han sido validadas en una población de sujetos sanos y con referencia a métodos tradicionales de valoración cognitiva. Para ello, además de utilizar las pruebas de contraste de hipótesis tradicionales, se han utilizado cuestionarios estandarizados y validados de usabilidad y satisfacción. Además, se ha optimizado el ancho de banda de red requerido para la ejecución de las tareas de rehabilitación supervisadas en tiempo real. Nuestros resultados confirman algunos de los obtenidos en investigaciones similares y aportan una mayor evidencia sobre los beneficios de la realidad virtual para la rehabilitación cognitiva, suponiendo, por ende, una base para futuros trabajos que utilicen esta tecnología para el tratamiento de enfermedades neurodegenerativas.&lt;br /></subfield>
  </datafield>
  <datafield tag="506" ind1=" " ind2=" ">
    <subfield code="a">by-nc</subfield>
    <subfield code="b">Creative Commons</subfield>
    <subfield code="c">3.0</subfield>
    <subfield code="u">http://creativecommons.org/licenses/by-nc/3.0/es</subfield>
  </datafield>
  <datafield tag="520" ind1=" " ind2=" ">
    <subfield code="a">&lt;br /></subfield>
  </datafield>
  <datafield tag="521" ind1=" " ind2=" ">
    <subfield code="9">7101</subfield>
    <subfield code="a">Programa de Doctorado en Ingeniería Electrónica</subfield>
  </datafield>
  <datafield tag="653" ind1="1" ind2=" ">
    <subfield code="a">rehabilitacion medica</subfield>
  </datafield>
  <datafield tag="653" ind1="1" ind2=" ">
    <subfield code="a">tecnologia medica</subfield>
  </datafield>
  <datafield tag="653" ind1="1" ind2=" ">
    <subfield code="a">procesos de la memoria</subfield>
  </datafield>
  <datafield tag="653" ind1="1" ind2=" ">
    <subfield code="a">redes de comunicacion</subfield>
  </datafield>
  <datafield tag="700" ind1=" " ind2=" ">
    <subfield code="a">Palacios Navarro, Guillermo</subfield>
    <subfield code="e">dir.</subfield>
  </datafield>
  <datafield tag="700" ind1=" " ind2=" ">
    <subfield code="a">García-Magariño García, Iván</subfield>
    <subfield code="e">dir.</subfield>
  </datafield>
  <datafield tag="710" ind1="2" ind2=" ">
    <subfield code="a">Universidad de Zaragoza</subfield>
    <subfield code="b"> </subfield>
  </datafield>
  <datafield tag="856" ind1="0" ind2=" ">
    <subfield code="f">cdeurop@unizar.es</subfield>
  </datafield>
  <datafield tag="856" ind1="4" ind2=" ">
    <subfield code="u">http://zaguan.unizar.es/record/118243/files/TESIS-2022-169.pdf</subfield>
    <subfield code="z">Texto completo (spa)</subfield>
    <subfield code="s">35883400</subfield>
  </datafield>
  <datafield tag="909" ind1="C" ind2="O">
    <subfield code="o">oai:zaguan.unizar.es:118243</subfield>
    <subfield code="p">driver</subfield>
    <subfield code="p">tesis</subfield>
  </datafield>
  <datafield tag="910" ind1="2" ind2=" ">
    <subfield code="a"></subfield>
    <subfield code="b"> </subfield>
  </datafield>
  <datafield tag="980" ind1=" " ind2=" ">
    <subfield code="a">TESIS</subfield>
  </datafield>
</record>
</collection>